Cine y lenguaje

Gorde:
Xehetasun bibliografikoak
Egile nagusia: Sklovski, Viktor (Egilea)
Formatua: Liburua
Hizkuntza:gaztelania
Argitaratua: Barcelona Anagrama 1971
Saila:Cinemáteca Anagrama, 5
Gaiak:
Etiketak: Etiketa erantsi
Etiketarik gabe, Izan zaitez lehena erregistro honi etiketa jartzen!

MARC

LEADER 00000nam a2200000 a 4500
001 UCQ2630
003 CL-VaPUC
008 980724e19710000SP |||||||||||||||||spa|d
082 0 4 |a 791.43  |b SKL  |2 21 
100 0 |a Sklovski, Viktor  |e author  |9 416661 
245 1 0 |a Cine y lenguaje 
300 |a 173 p 
942 |c BK 
945 |d 19980724 00:00:00  |a mvenant 
260 |a Barcelona  |b Anagrama  |c 1971 
650 0 |a Cine  |9 225706 
650 0 |a Estética   |9 264950 
650 0 |a Literatura  |9 259151 
650 0 |a Poesía   |9 265825 
650 7 |a LENGUAJE CINEMATOGRAFICO  |2 CL-VaPUC  |9 416662 
583 |a last modification  |c 19980724 00:00:00  |k Rodrigo Vera 
490 0 |a Cinemáteca Anagrama, 5 
999 |c 273424  |d 273422 
952 |0 0  |1 0  |4 0  |6 791_430000000000000_SKL_1971  |7 0  |8 R  |9 308964  |a BIBART  |b BIBART  |d 2019-11-20  |i 3445704  |o 791.43 SKL 1971  |p 3445704  |r 2025-03-13  |w 2019-11-20  |y BK_R  |k ART